| 000 | 01288nam a22002657a 4500 | ||
|---|---|---|---|
| 005 | 20170124103121.0 | ||
| 010 | _aA-521124 | ||
| 020 | _c80.00 | ||
| 035 | _aA-521124 | ||
| 037 | _bCen Lib/Ret | ||
| 040 |
_aDPL _bHN |
||
| 082 |
_a823.08 _bअत्रीश |
||
| 100 |
_aअत्रीश, सुरेन्द्र सिंह _951681 |
||
| 245 |
_aयशपाल के कथा साहित्य का समाज सापेक्ष अध्ययन / _cसुरेन्द्र सिंह अत्रीश |
||
| 246 |
_aYashpal ke katha sahitya ka smaj sakshep adhyayn _b by Surendr Singh Atrish |
||
| 260 |
_aमुजफ्फरनगर _bकुसुम प्रकाशन _c1986 |
||
| 270 |
_aनवेंदु सदन आदर्श कॉलोनी _bमुजफ्फरनगर _e251001 |
||
| 300 |
_a316पृष्ठ. _c20सेमी(सजिल्द) |
||
| 500 | _aसन्दर्भ ग्रन्थ सूची शामिल | ||
| 650 |
_aहिंदी साहित्य _981872 |
||
| 650 |
_aसमाज और साहित्य _96356 |
||
| 650 |
_aHindi literature _981873 |
||
| 650 |
_aSociety and literature _981874 |
||
| 942 |
_2ddc _cHN _h823.08 _mअत्रीश |
||
| 999 |
_c118780 _d118780 |
||